| 000 | 00416nam a22001697a 4500 | ||
|---|---|---|---|
| 003 | OSt | ||
| 008 | 241106b |||||||| |||| 00| 0 eng d | ||
| 082 |
_a630.72 _bI-2A |
||
| 100 | _aICAR | ||
| 245 | _aAnnual Report, 2009 - 10 | ||
| 260 |
_a.- Patna _b: ICAR Research Complex for Eastern Region _c, 2010 |
||
| 300 | _aviii,148p. | ||
| 650 | _aAnnual Report | ||
| 650 | _aICAR | ||
| 650 | _aPatna | ||
| 942 |
_2ddc _cRP |
||
| 999 |
_c46977 _d46977 |
||